000 00463nam a2200181Ia 4500
001 2742
005 20260306144829.0
008 260306t2003||||xx |||||||||||||| ||spa||
041 _aESP
082 _a220.7
_bD285
100 _aDulaey, Martine
_eAUT
245 0 _aBosques de símbolos:
_bla iniciación cristiana y la Biblia (siglo I-IV)
260 _c2003
300 _a337 páginas :
_c18 cm.
650 _aGEN
654 _aCHU
942 _cLIB
_dJUS
_fJUS
_2ddc
_n
999 _c2742
_d2742